Normal view
MARC view
- Safdar,Nimra
Entry Personal Name
001 - CONTROL NUMBER
- control field: 5246
003 - CONTROL NUMBER IDENTIFIER
- control field: NUST
005 - DATE AND TIME OF LATEST TRANSACTION
- control field: 20171004133511.0
008 - FIXED-LENGTH DATA ELEMENTS
- fixed length control field: 171004|| aca||aabn | a|a d
040 ## - CATALOGING SOURCE
- Original cataloging agency: NUST
- Transcribing agency: NUST
100 ## - HEADING--PERSONAL NAME
- Personal name: Safdar,Nimra
670 ## - SOURCE DATA FOUND
- Source citation: Work cat.: (NUST): Safdar,Nimra, Military expenditure and public debt nexus: evidence from Pakistan , 2013
